000 00871nas a2200241 4500
001 BR8601396
003 BR-BrBNA
005 20231205090402.0
007 ta
008 230509b bl.|||p| |||| 00| 00por d
040 _aBR-BrBNA
_bpor
_cBiblioteca Nacional de Agricultura
041 _a(Pt)
072 _aL10
100 1 _aJobim, M.I.M.
245 1 _aValoracao macro e microscopica do semen de carneiros usados em inseminacao artificial
246 1 _aMacroscopic and microscopic evaluation of ram semen samples employed in artificial insemination
650 _aCARNEIRO
650 _aSEMEN
650 _aINSEMINACAO ARTIFICIAL
773 0 _tArquivos da Faculdade de Veterinaria da Universidade Federal do Rio Grande do Sul (Brazil)
_xISSN 0101-5230
_g(Dec 1984), v. 12 p. 187-188
_wBR8601396
909 _a202311
_bLúcia
_c55
_dLúcia Elande
942 _2AGRIS
_n0
_cANA
999 _c118054
_d118054